Traité de droit administratif

সংরক্ষণ করুন:
গ্রন্থ-পঞ্জীর বিবরন
প্রধান লেখক: Laubadere, André de (Author), Venezia, Jean Claude (Author), Gaudemet, Yves (Author)
বিন্যাস: গ্রন্থ
ভাষা:ফরাসি
প্রকাশিত: París Librairie Générale de Droit et de Jurisprudence 1992
সংস্করন:12a. ed
বিষয়গুলি:
ট্যাগগুলো: ট্যাগ যুক্ত করুন
কোনো ট্যাগ নেই, প্রথমজন হিসাবে ট্যাগ করুন!

MARC

LEADER 00000nam a2200000 a 4500
001 UCV3599
003 CL-VaPUC
008 930923e19920000FR |||||||||||||||||fre|d
082 0 4 |a 342.06  |b LAU  |2 21 
100 |a Laubadere, André de  |e author  |9 391151 
700 0 |a Venezia, Jean Claude  |e author  |9 297841 
700 |a Gaudemet, Yves  |e author  |9 391148 
245 1 0 |a Traité de droit administratif 
250 |a 12a. ed 
300 |a v 
942 |c BK 
945 |d 19930923 00:00:00 
260 |a París  |b Librairie Générale de Droit et de Jurisprudence  |c 1992 
650 0 |a Derecho administrativo  |9 254851 
651 0 |a Francia  |9 255157 
583 |a last modification  |c 19930923 00:00:00  |k Rodrigo Vera 
999 |c 210752  |d 210750 
952 |0 0  |1 0  |4 0  |6 342_060000000000000_LAU_1992  |7 0  |8 A  |9 187229  |a BIBDER  |b BIBDER  |d 2019-11-14  |h v.1  |i 2549271  |o 342.06 LAU 1992  |p 2549271  |r 2023-01-25  |w 2019-11-14  |y BK  |k DER